Tu vales la pena!: qué mensaje tiene Francisco para ti, hoy?

Gorde:
Xehetasun bibliografikoak
Erakunde egilea: Unión de los Superiores Franciscanos de Flandes (Egilea)
Formatua: Liburua
Hizkuntza:gaztelania
Argitaratua: Santiago San Pablo 1994
Edizioa:1a. ed
Gaiak:
Etiketak: Etiketa erantsi
Etiketarik gabe, Izan zaitez lehena erregistro honi etiketa jartzen!

MARC

LEADER 00000cam a2200000 a 4500
001 UCD0642
003 CL-VaPUC
008 151204e19940000cl |||||||||||||||||spa|d
082 0 4 |a 248.842  |b UNI  |2 21 
110 2 |a Unión de los Superiores Franciscanos de Flandes  |e author  |9 583603 
245 1 0 |a Tu vales la pena!: qué mensaje tiene Francisco para ti, hoy? 
250 |a 1a. ed 
300 |a 62 p 
942 |c BK 
945 |d 20151204 12:43:00  |a gsalatino 
260 |a Santiago  |b San Pablo  |c 1994 
600 0 7 |a SAN FRANCISCO DE ASIS  |2 CL-VaPUC  |9 342281 
650 0 |a Espiritualidad cristiana  |9 537993 
583 |a last modification  |c 20151204 12:43:00  |k Rodrigo Vera 
999 |c 362105  |d 362103 
952 |0 0  |1 0  |3 erb  |4 0  |6 248_842000000000000_UNI_1994  |7 0  |8 A  |9 472977  |a BIBTEO  |b BIBTEO  |i 5272610  |o 248.842 UNI 1994  |p 5272610  |r 2025-01-17  |w 2019-11-24  |y BK  |z Catalogado en:20151204  |k ICR